000 01295nam a2200289 i 4500
001 bg
245 0 0 _aInternational XIX Scientific Conference of Naval Architects and Marine Engineers Marine technology on the thresold of XXI century :
_bconference proceedings. Vol.1 /
_c[scientific com. S. Żmudzki et al.] ; org. Technical University of Szczecin - Faculty of Maritime Technology.
260 _aSzczecin :
_bZAPOL,
_c2000.
300 _a237 s. :
_brys., wykr. ;
_c24 cm.
500 _aTyt. nagł.: MT 2000 Marine Technology 2000 : May 4-6, 2000, Szczecin - Dziwnówek, Poland.
504 _aBibliogr. przy ref.
650 9 _aBudownictwo okrętowe
_zEuropa
650 9 _aBudownictwo okrętowe
_xszkolnictwo wyższe
_zPolska
_yod 1944 r.
650 9 _aStatki
_xprojekty
650 9 _aStatki
_xprzemysł
_zPolska
_yod 1944 r.
651 9 _aGdańsk
_xPolitechnika
_yod 1945 r.
651 9 _aSzczecin
_xPolitechnika
_yod 1945 r.
655 _aMateriały konferencyjne
700 1 _aŻMUDZKI, S.
710 0 _aPolitechnika Szczecińska
_bWydział Techniki Morskiej
710 0 _aTechnical University of Szczecin
_bFaculty of Maritime Technology
040 _cBPK
041 0 _aen
080 _a629.5:378.662(438:4)"1945/..."](061)
942 _cKS
008 s pl f |000 0 pol
999 _c39427
_d39427
856 _uhttp://koha.tu.koszalin.pl/cgi-bin/koha/opac-detail.pl?biblionumber=39427
_yKatalog online BPK